Faculty of Law Library — Cairo University

Official Online Catalog

A chart comparing international commercial arbitration rules / (Record no. 64179)

MARC details
000 -LEADER
fixed length control field 01097cam a2200337 i 4500
003 - CONTROL NUMBER IDENTIFIER
control field EG-GICUC
005 - DATE AND TIME OF LATEST TRANSACTION
control field 20260225103213.0
008 - FIXED-LENGTH DATA ELEMENTS--GENERAL INFORMATION
fixed length control field 981215s1998 nyu fr 000 0 eng d
020 ## - INTERNATIONAL STANDARD BOOK NUMBER
International Standard Book Number 1578230128
020 ## - INTERNATIONAL STANDARD BOOK NUMBER
International Standard Book Number 9781578230129
040 ## - CATALOGING SOURCE
Original cataloging agency DLC
Transcribing agency DLC
Modifying agency DLC
-- EG-GICUC
Description conventions rda
050 00 - LIBRARY OF CONGRESS CALL NUMBER
Classification number K2400
Item number .S63 1998
082 00 - DEWEY DECIMAL CLASSIFICATION NUMBER
Classification number 347.224
Edition number 21
092 04 - LOCALLY ASSIGNED DEWEY CALL NUMBER (OCLC)
Edition number 21
099 ## - LOCAL FREE-TEXT CALL NUMBER (OCLC)
Classification number Law 12 1998
100 1# - MAIN ENTRY--PERSONAL NAME
Personal name Smit, Hans.
245 12 - TITLE STATEMENT
Title A chart comparing international commercial arbitration rules /
Statement of responsibility, etc. H. Smit, V. Pechota.
246 18 - VARYING FORM OF TITLE
Title proper/short title Charts
264 ## - PRODUCTION, PUBLICATION, DISTRIBUTION, MANUFACTURE, AND COPYRIGHT NOTICE
Place of production, publication, distribution, manufacture [Yonkers, N.Y.] :
Name of producer, publisher, distributor, manufacturer Juris Pub. ;
Place of production, publication, distribution, manufacture [London] :
Name of producer, publisher, distributor, manufacturer Sweet & Maxwell,
Date of production, publication, distribution, manufacture, or copyright notice 1998.
300 ## - PHYSICAL DESCRIPTION
Extent ix, 160 pages ;
Dimensions 26 cm.
336 ## - CONTENT TYPE
Content type term text
Source rdacontent
337 ## - MEDIA TYPE
Media type term Computer
Source rdamedia
338 ## - CARRIER TYPE
Carrier type term Online Resource
Source rdacarrier
440 #0 - SERIES STATEMENT/ADDED ENTRY--TITLE
Title Smit's guides to international arbitration series,
International Standard Serial Number 1050-3900 ;
Volume/sequential designation unit 3
650 #0 - SUBJECT ADDED ENTRY--TOPICAL TERM
Topical term or geographic name entry element Arbitration and award.
650 #0 - SUBJECT ADDED ENTRY--TOPICAL TERM
Topical term or geographic name entry element International commercial arbitration.
700 1# - ADDED ENTRY--PERSONAL NAME
Personal name Pěchota, Vratislav.
856 40 - ELECTRONIC LOCATION AND ACCESS
Uniform Resource Identifier <a href="https://fll.law.cu.edu.eg/fulltext/bks/ENGB12-00032.pdf">https://fll.law.cu.edu.eg/fulltext/bks/ENGB12-00032.pdf</a>
905 ## - Cataloger and Reviser Names
Cataloger Name: Hend El khosy
942 ## - ADDED ENTRY ELEMENTS (KOHA)
Source of classification or shelving scheme Dewey Decimal Classification
Koha item type Books
Edition 21
Suppress in OPAC No
Holdings
Withdrawn status Lost status Source of classification or shelving scheme Damaged status Not for loan Collection Home library Current library Date acquired Total checkouts Full call number Barcode Date last seen Copy number Price effective from Koha item type Public note
    Dewey Decimal Classification     القانون الدولي الخاص جــــامعة القــاهرة مكتبة كلية الحقوق - فـرع الشيخ زايد 25.02.2026   Law2 12 347.224 SM . C 1998 1200032 C1 ENGB12-00032 25.02.2026 1 25.02.2026 Books 359
    Dewey Decimal Classification     القانون الدولي الخاص جــــامعة القــاهرة مكتبة كلية الحقوق - فـرع الشيخ زايد 25.02.2026   Law2 12 347.224 SM . C 1998 1200033 C2 ENGB12-00033 25.02.2026 2 25.02.2026 Books 360
    Dewey Decimal Classification     القانون الدولي الخاص جــــامعة القــاهرة مكتبة كلية الحقوق - فـرع الشيخ زايد 25.02.2026   Law1 12 347.224 SM . C 1998 1200034 C3 ENGB12-00034 25.02.2026 3 25.02.2026 Books 1170

© All rights reserved — Faculty of Law, Cairo University